[Event "FRA-ch op-A"]
[Site "Caen"]
[Date "2011.08.27"]
[Round "11"]
[White "Lestrelin, Guillaume"]
[Black "Chaplain, Fabrice"]
[Result "0-1"]
[WhiteElo "2118"]
[BlackElo "2133"]
[PlyCount "85"]
[EventDate "2011.08.16"]
[EventType "swiss"]
[EventRounds "11"]
[EventCountry "FRA"]
[SourceTitle "CBM 144 Extra"]
[Source "ChessBase"]
[SourceDate "2011.10.28"]
[SourceVersion "1"]
[SourceVersionDate "2011.10.28"]
[SourceQuality "1"]

1. d4 Nf6 2. c4 g6 3. Nc3 Bg7 4. e4 d6 5. f3 0-0 6. Bg5 h6 7. Be3 e5 8. d5 Nh5 9. Qd2 Qh4+ 10. g3 Nxg3 11. Qf2 Nxf1 12. Qxh4 Nxe3 13. Qf2 Nxc4 14. Qf1 Nb6 15. 0-0-0 a5 16. Kb1 Na6 17. Nh3 Bd7 18. Rg1 Nc5 19. Nf2 Kh7 20. Nd3 Nba4 21. Nxc5 Nxc5 22. Qg2 Rg8 23. Qg3 Bh8 24. h4 h5 25. f4 Bg4 26. Rdf1 f5 27. Qe3 exf4 28. Rxf4 Rae8 29. Rgxg4 hxg4 30. h5 Bxc3 31. hxg6+ Rxg6 32. Qxc3 Nxe4 33. Qc1 Re5 34. Qxc7+ Rg7 35. Qd8 g3 36. Qh4+ Kg8 37. Qd8+ Kh7 38. Qh4+ Kg8 39. Qd8+ Kf7 40. Qc7+ Kf6 41. Qd8+ Kf7 42. Qd7+ Kg6 43. Rxe4 0-1

[Event "FRA-ch op-A"]
[Site "Caen"]
[Date "2011.08.23"]
[Round "7"]
[White "Lestrelin, Guillaume"]
[Black "Aurel, Luc"]
[Result "1/2-1/2"]
[WhiteElo "2118"]
[BlackElo "2191"]
[PlyCount "95"]
[EventDate "2011.08.16"]
[EventType "swiss"]
[EventRounds "11"]
[EventCountry "FRA"]
[SourceTitle "CBM 144 Extra"]
[Source "ChessBase"]
[SourceDate "2011.10.28"]
[SourceVersion "1"]
[SourceVersionDate "2011.10.28"]
[SourceQuality "1"]

1. d4 d6 2. c4 Nd7 3. Nc3 e5 4. d5 Be7 5. e4 Bg5 6. Bd3 Bxc1 7. Qxc1 a5 8. Nge2 Nc5 9. Bc2 Ne7 10. Qg5 Ng6 11. Qxd8+ Kxd8 12. h4 h6 13. f3 Bd7 14. h5 Nf8 15. b3 Nh7 16. Kf2 Nf6 17. g4 Ke7 18. a3 g6 19. Ng3 g5 20. Nf1 Rhb8 21. Ne3 Kd8 22. Rhb1 Ng8 23. Ke2 Ne7 24. Kd2 Ra7 25. b4 axb4 26. axb4 Rxa1 27. Rxa1 Na6 28. Rb1 c6 29. b5 cxb5 30. cxb5 Nc5 31. Nc4 Nc8 32. b6 Ra8 33. Kc1 Ke7 34. Kd2 Ra6 35. Bd3 Ra8 36. Nb5 Bxb5 37. Rxb5 Ra2+ 38. Ke3 f6 39. Be2 Ra6 40. Bd3 Ra1 41. Be2 Ra6 42. Kf2 Nd7 43. Na5 Rxb6 44. Nxb7 Rxb5 45. Bxb5 Nc5 46. Na5 Nb6 47. Nc6+ Kf8 48. Ke3 1/2-1/2

[Event "FRA-chT2 1011"]
[Site "France"]
[Date "2010.11.14"]
[Round "3.3"]
[White "Eid, Maha"]
[Black "Lestrelin, Guillaume"]
[Result "1/2-1/2"]
[WhiteElo "2067"]
[BlackElo "2105"]
[PlyCount "28"]
[EventDate "2010.10.17"]
[EventType "team-tourn"]
[EventRounds "11"]
[EventCountry "FRA"]
[SourceTitle "EXT 2012"]
[Source "ChessBase"]
[SourceDate "2011.11.24"]
[SourceVersion "1"]
[SourceVersionDate "2011.11.24"]
[SourceQuality "1"]

1. d4 d5 2. c4 c6 3. Nf3 Nf6 4. Qc2 e6 5. g3 Bd6 6. Bg2 0-0 7. 0-0 Nbd7 8. b3 e5 9. dxe5 Nxe5 10. Bb2 Qe7 11. Nbd2 dxc4 12. Nxc4 Nxc4 13. Qxc4 Be6 14. Qh4 Nd7 1/2-1/2

[Event "FRA-chT2 West 0607"]
[Site "France"]
[Date "2007.02.11"]
[Round "7.7"]
[White "Lestrelin, Guillaume"]
[Black "Harrison, Marc"]
[Result "0-1"]
[WhiteElo "2120"]
[BlackElo "1980"]
[PlyCount "106"]
[EventDate "2006.10.15"]
[EventType "team"]
[EventRounds "11"]
[EventCountry "FRA"]
[SourceTitle "EXT 2008"]
[Source "ChessBase"]
[SourceDate "2007.11.25"]
[SourceVersion "1"]
[SourceVersionDate "2007.11.25"]
[SourceQuality "1"]
[WhiteTeam "Rueil Malmaison"]
[BlackTeam "Le Vesinet"]
[WhiteTeamCountry "FRA"]
[BlackTeamCountry "FRA"]

1. d4 Nf6 2. c4 e6 3. Nf3 b6 4. g3 Bb7 5. Bg2 Be7 6. 0-0 0-0 7. d5 exd5 8. Nh4 c6 9. cxd5 Nxd5 10. Nf5 d6 11. e4 Nf6 12. Nc3 Bc8 13. g4 Bxf5 14. gxf5 Nbd7 15. Bf4 Ne5 16. Bg3 b5 17. b3 Rc8 18. Qe2 Qb6 19. Rfd1 a5 20. Kh1 Ne8 21. Rac1 g6 22. Nxb5 Qa6 23. Nc3 Qxe2 24. Nxe2 Nf6 25. f4 Neg4 26. e5 dxe5 27. fxe5 Nh5 28. Rd7 Ba3 29. Rxc6 Rxc6 30. Bxc6 Nxg3+ 31. Nxg3 Nxe5 32. Rc7 Bd6 33. Rd7 Nxd7 34. Bxd7 Bxg3 35. hxg3 Rd8 36. Bb5 Rd1+ 37. Kg2 Rd2+ 38. Kh3 Rxa2 39. fxg6 hxg6 40. Kg4 Kg7 41. Kf3 Rc2 42. Ba4 f5 43. g4 Kf6 44. gxf5 gxf5 45. Ke3 Ke5 46. Kd3 Rc7 47. Bb5 Kf4 48. Bc4 Re7 49. Kc3 Ke3 50. Kb2 f4 51. Ka3 f3 52. Ka4 Re5 53. Bb5 f2 0-1

[Event "FRA-chT2 West 0607"]
[Site "France"]
[Date "2006.10.15"]
[Round "1.7"]
[White "Colson, Arnaud"]
[Black "Lestrelin, Guillaume"]
[Result "1-0"]
[WhiteElo "2208"]
[BlackElo "2160"]
[PlyCount "85"]
[EventDate "2006.10.15"]
[EventType "team"]
[EventRounds "11"]
[EventCountry "FRA"]
[SourceTitle "EXT 2008"]
[Source "ChessBase"]
[SourceDate "2007.11.25"]
[SourceVersion "1"]
[SourceVersionDate "2007.11.25"]
[SourceQuality "1"]
[WhiteTeam "Chess XV II"]
[BlackTeam "Rueil Malmaison"]
[WhiteTeamCountry "FRA"]
[BlackTeamCountry "FRA"]

1. e4 c5 2. Nf3 d6 3. d4 cxd4 4. Nxd4 Nf6 5. Nc3 g6 6. Be3 Bg7 7. f3 0-0 8. Qd2 Nc6 9. 0-0-0 d5 10. exd5 Nxd5 11. Nxc6 bxc6 12. Bd4 Nxc3 13. Qxc3 Bh6+ 14. Be3 Bxe3+ 15. Qxe3 Qb6 16. Qc3 Be6 17. h4 Rfd8 18. Bc4 Bxc4 19. Qxc4 e5 20. b3 Rd4 21. Rxd4 exd4 22. h5 Rd8 23. hxg6 hxg6 24. Kb2 Qc7 25. Re1 Qd6 26. Re4 Qf6 27. Kb1 Qd6 28. a4 Qh2 29. Re7 Qg1+ 30. Ka2 Rf8 31. g4 Qf2 32. Qe2 Qg1 33. Rc7 c5 34. Qd3 Qf2 35. Rxc5 Re8 36. Rc4 Re2 37. Ka3 Rd2 38. Qe4 d3 39. Qe8+ Kg7 40. Qe5+ Kh6 41. Rc8 f5 42. gxf5 Qxf3 43. Qf6 1-0